000 00651nam a2200229 a 4500
005 20240420063851.0
008 991125s1990 es 000 0 spa u
020 _a8486235626
035 _aUPN01000058853
049 _aLT
050 4 _aLC4001
_bL63 no.9 LR
100 1 _aPita, Esther
245 1 0 _aVocabulario básico en imágenes /
_cEsther Pita, Jesús Aribas.
260 _aMadrid :
_bCEPE,
_c[1990].
300 _a159 p.
440 0 _aReeducación logopédica ;
_v9
650 4 _aEducación especial
_93029
650 4 _aExpresión oral
_91525
650 4 _aNiños
_xLenguaje
_95709
700 1 _aArribas, Jesús,
_ecoaut.
905 _aLibro
999 _c58853
_d58853